| 000 | 00395nam a2200133Ia 4500 | ||
|---|---|---|---|
| 008 | 221224s9999||||xx |||||||||||||| ||und|| | ||
| 082 |
_a242 _bPAN/A |
||
| 100 | _aPandey, Umesh Chandra | ||
| 245 | 0 | _aApastamba Dharma Sutram with the Ujjvala Commentary of Sri Haradatta Mishra | |
| 250 | _a3rd Edition | ||
| 260 |
_aVaranasi _bChaukhambha Sanskrit Sansthan&c1998 |
||
| 300 | _a383 | ||
| 942 | _cVB | ||
| 999 |
_c38573 _d38573 |
||